The changing pattern of family in India (Record no. 371542)

000 -LEADER
fixed length control field 00380cam a22001217a 4500
008 - FIXED-LENGTH DATA ELEMENTS--GENERAL INFORMATION
fixed length control field 180718b1957 xxu||||| |||| 00| 0 eng d
082 ## - DEWEY DECIMAL CLASSIFICATION NUMBER
Classification number B14x54 J612
100 ## - MAIN ENTRY--PERSONAL NAME
Personal name John, M.P., et.al.
245 ## - TITLE STATEMENT
Title The changing pattern of family in India
Statement of responsibility, etc. by M.P. John, et.al.
260 ## - PUBLICATION, DISTRIBUTION, ETC.
Place of publication, distribution, etc. Bangalore
Name of publisher, distributor, etc. Christian Institute for the Study of Society
Date of publication, distribution, etc. 1957
300 ## - PHYSICAL DESCRIPTION
Extent 65p.
650 ## - SUBJECT ADDED ENTRY--TOPICAL TERM
Topical term or geographic name entry element Family - India
Holdings
Withdrawn status Lost status Damaged status Not for loan Permanent Location Current Location Date acquired Full call number Barcode Date last seen Price effective from Koha item type
        Indian Institute of Public Administration Indian Institute of Public Administration 1994-06-10 B14x54 J612 25447 2018-07-21 2018-07-21 Book
        Indian Institute of Public Administration Indian Institute of Public Administration 2010-12-16 B14x54 J612 9580 2018-07-21 2018-07-21 Book

Powered by Koha